El bosque de Chapultepec (Record no. 10864)

MARC details
000 -CABECERA
campo de control de longitud fija 01757nam a22004337a 4500
001 - NÚMERO DE CONTROL
campo de control BRCA_9245
003 - IDENTIFICADOR DEL NÚMERO DE CONTROL
campo de control FranzMayer
005 - FECHA Y HORA DE LA ÚLTIMA TRANSACCIÓN
campo de control 20230717135400.0
008 - DATOS DE LONGITUD FIJA--INFORMACIÓN GENERAL
campo de control de longitud fija 230710b |||||||| |||| 00| 0 eng d
020 ## - NÚMERO INTERNACIONAL ESTÁNDAR DEL LIBRO
Número Internacional Estándar del Libro 9786077891604
040 ## - FUENTE DE LA CATALOGACIÓN
Centro catalogador/agencia de origen MFM
Centro/agencia transcriptor MFM
Lengua de catalogación esp
041 ## - CÓDIGO DE LENGUA
Código de lengua del texto/banda sonora o título independiente esp
050 ## - SIGNATURA TOPOGRÁFICA DE LA BIBLIOTECA DEL CONGRESO
Número de clasificación F1386
Número de documento/Ítem P76 2022
110 1# - ENTRADA PRINCIPAL--NOMBRE DE ENTIDAD CORPORATIVA
Nombre de entidad corporativa o nombre de jurisdicción como elemento de entrada MONEX
Unidad subordinada Pro Bosque de Chapultepec
9 (RLIN) 28612
240 1# - TÍTULO UNIFORME
Título uniforme El bosque de Chapultepec, sitio sagrado y natural de México
Lenguaje de la obra Español
245 0# - MENCIÓN DE TÍTULO
Título El bosque de Chapultepec
Resto del título Sitio sagrado y natural de México
250 ## - MENCIÓN DE EDICIÓN
Mención de edición Tercera edición
260 ## - PUBLICACIÓN, DISTRIBUCIÓN, ETC.
Lugar de publicación, distribución, etc. CDMX
Nombre del editor, distribuidor, etc. Pro Bosque de Chapultepec
Fecha de publicación, distribución, etc. 2022
300 ## - DESCRIPCIÓN FÍSICA
Extensión 264 p
Otras características físicas ilustraciones
Dimensiones 33 cm
440 ## - MENCIÓN DE SERIE/PUNTO DE ACCESO ADICIONAL--TÍTULO
Título El bosque de Chapultepec
9 (RLIN) 28613
500 ## - NOTA GENERAL
Nota general L60/N4
505 0# - NOTA DE CONTENIDO CON FORMATO
Nota de contenido con formato Texto en: EspañolDedicado a: investigadores, historiadores, museógrafos, arquitectos, biólogosIncluye índice (temático)Bibliografía 258-260 PP.Incluye agradecimientos y créditos de la imagen
533 ## - NOTA DE REPRODUCCIÓN
Lugar de la reproducción CDMX
Institución responsable de la reproducción Pro Bosque de Chapultepec
Fecha de la reproducción 2022
610 1# - PUNTO DE ACCESO ADICIONAL DE MATERIA--NOMBRE DE ENTIDAD CORPORATIVA
Nombre de entidad corporativa o nombre de jurisdicción como elemento de entrada MONEX
Unidad subordinada Pro Bosque de Chapultepec
9 (RLIN) 28614
650 1# - PUNTO DE ACCESO ADICIONAL DE MATERIA--TÉRMINO DE MATERIA
Fuente del encabezamiento o término Arte
Término de materia o nombre geográfico como elemento de entrada Historia del arte
9 (RLIN) 28615
Subdivisión de forma México
651 2# - PUNTO DE ACCESO ADICIONAL DE MATERIA--NOMBRE GEOGRÁFICO
Fuente del encabezamiento o término México
Nombre geográfico México (Ciudad)
Subdivisión geográfica CDMX
9 (RLIN) 28616
700 1# - PUNTO DE ACCESO ADICIONAL--NOMBRE DE PERSONA
Código de función/relación Ed.
Nombre de persona Orellana de, Margarita
9 (RLIN) 28618
700 1# - PUNTO DE ACCESO ADICIONAL--NOMBRE DE PERSONA
Código de función/relación Fot.
Nombre de persona Pacheco, Marco Antonio
9 (RLIN) 28619
700 1# - PUNTO DE ACCESO ADICIONAL--NOMBRE DE PERSONA
Código de función/relación Fot.
Nombre de persona Vértiz, Jorge
9 (RLIN) 28620
700 1# - PUNTO DE ACCESO ADICIONAL--NOMBRE DE PERSONA
Código de función/relación Fot.
Nombre de persona Calderwood, Michael
9 (RLIN) 28621
700 1# - PUNTO DE ACCESO ADICIONAL--NOMBRE DE PERSONA
Código de función/relación Fot.
Nombre de persona Schalkwijk, Bob
9 (RLIN) 28622
700 1# - PUNTO DE ACCESO ADICIONAL--NOMBRE DE PERSONA
Código de función/relación Ill.
Nombre de persona Juárez Vivas, Magdalena
9 (RLIN) 28623
700 1# - PUNTO DE ACCESO ADICIONAL--NOMBRE DE PERSONA
Código de función/relación Cor.
Nombre de persona Cuéllar, Stella
9 (RLIN) 28624
700 1# - PUNTO DE ACCESO ADICIONAL--NOMBRE DE PERSONA
Código de función/relación Ico.
Nombre de persona Fragoso Hernández, Aglaé
9 (RLIN) 28625
700 1# - PUNTO DE ACCESO ADICIONAL--NOMBRE DE PERSONA
Código de función/relación Ico.
Nombre de persona Meléndez Vergara, Miztli
9 (RLIN) 28626
700 1# - PUNTO DE ACCESO ADICIONAL--NOMBRE DE PERSONA
Código de función/relación Dis.
Nombre de persona Rodríguez, Luis
9 (RLIN) 28627
710 1# - PUNTO DE ACCESO ADICIONAL--NOMBRE DE ENTIDAD CORPORATIVA
Nombre de entidad corporativa o nombre de jurisdicción como elemento de entrada COMEX
Unidad subordinada Pro Bosque de Chapultepec
9 (RLIN) 28617
942 ## - ELEMENTOS DE PUNTO DE ACCESO ADICIONAL (KOHA)
Fuente del sistema de clasificación o colocación Library of Congress Classification
Tipo de ítem Koha Libros
Edición Tercera edición
Holdings
Estado de retiro Estado de pérdida Fuente del sistema de clasificación o colocación Estado dañado No para préstamo Código de colección Localización permanente Ubicación/localización actual Fecha de adquisición Fuente de adquisición Total de préstamos Signatura topográfica completa Código de barras Fecha visto por última vez Número de copia Precio válido a partir de Tipo de ítem Koha
El ejemplar forma parte de la colección y puede ser consultado según las políticas vigentes.   Library of Congress Classification     Fondo Contemporáneo Biblioteca del Museo Franz Mayer (Rogerio Casas-Alatriste) Biblioteca del Museo Franz Mayer (Rogerio Casas-Alatriste) 12/07/2023 Donación   F1386 P76 2022 CONT10039 12/07/2023 1 12/07/2023 Libros